Normal view
MARC view
- Sreerag K P
Entry Personal Name
001 - CONTROL NUMBER
- control field: 4226
003 - CONTROL NUMBER IDENTIFIER
- control field: OSt
005 - DATE AND TIME OF LATEST TRANSACTION
- control field: 20190715112901.0
008 - FIXED-LENGTH DATA ELEMENTS
- fixed length control field: 190715|| aca||aabn | a|a d
040 ## - CATALOGING SOURCE
- Original cataloging agency: OSt
- Transcribing agency: OSt
100 ## - HEADING--PERSONAL NAME
- Personal name: Sreerag K P
670 ## - SOURCE DATA FOUND
- Source citation: Work cat.: (OSt): Amal Kumar V P 4224, Performance evaluation of coconut palm climbing by analytical hierarchy process and quality function deployment techniques, 2019
